| 000 | 00652nam a2200229 4500 | ||
|---|---|---|---|
| 003 | OSt | ||
| 005 | 20260601193400.0 | ||
| 008 | 260508b2000 ge a|||| |||| 00| 0 eng d | ||
| 020 | _a1584230312 | ||
| 040 |
_aICI _bspa _cICI |
||
| 041 | _aeng | ||
| 050 |
_aNA2542.36 _b.T46 |
||
| 100 |
_aPress, Gingko _934923 |
||
| 245 | 1 |
_aTemporary Buildings _ceditor Karin Shulte _bThe trade-fair stand as a conceptional challenge/ |
|
| 264 |
_aGermany : _bGinko Press, _c2000 |
||
| 300 | _a247 páginas : | ||
| 336 |
_atexto _2rdacontent |
||
| 337 |
_asin medio _2rdamedia |
||
| 338 |
_avolumen _2rdacarrier |
||
| 500 | _aLibro de Referencia | ||
| 942 |
_2lcc _cB _n1 |
||
| 999 |
_c20976 _d20976 |
||